000
00295nam a22001337a 4500
008
170223b xxu||||| |||| 00| 0 eng d
020
_a
9780721685458
041
_a
eng
080
_2
2 ED
_a
616 31
100
_a
5
101
_a
SHS
245
_a
DENTAL RADIOGRAPHY
_c
HARING..J.I
942
_2
udc
_c
BK
999
_c
6176
_d
6176